Taipei Songshan Airport (TSA) Destinations - Statistics

General Stats
  • This quiz has been taken 90 times
    76 since last reset
  • The average score is 12 of 22
Answer Stats
Hint Answer % Correct
All Nippon Airways, China Airlines, EVA Air, Japan Airlines Tokyo-Haneda
96%
Air China, China Airlines, China Eastern, EVA Air Shanghai-Hongqiao
93%
China Eastern, UNI Air Shanghai-Pudong
93%
China Airlines, Eastar Jet, EVA Air, T'way Airlines Seoul-Gimpo
88%
UNI Air, Xiamen Air Xiamen
84%
Sichuan Airlines Chengdu
81%
Air China, EVA Air, Sichuan Airlines Chongqing
75%
Mandarin Airlines Wuhan
68%
Air China, EVA Air Tianjin
67%
Mandarin Airlines, Xiamen Airlines Fuzhou
56%
UNI Air Hangzhou
49%
Far Eastern Air Transport, Mandarin Airlines, UNI Air Kinmen
49%
Mandarin Airlines Wenzhou
46%
UNI Air Matsu-Beigan
42%
UNI Air Matsu-Nangan
42%
Mandarin Airlines, UNI Air Taitung
42%
UNI Air Hualien
40%
Far Eastern Air Transport Nanning
32%
Far Eastern Air Transport Hefei
30%
Far Eastern Air Transport, Mandarin Airlines, UNI Air Magong
30%
Far Eastern Air Transport Taiyuan
21%
UNI Air Hengchun
11%
No matching quizzes found
Score Distribution
Percent of People with Each Score
Percentile by Number Answered
Your Score History
You have not taken this quiz since the last reset